000 00372 a2200157 4500
001 56610
020 _a
040 _cAnchieta - Pituba
100 _aCamargo, Maria Helena G. Pompeo de
240 1 0 _aAventura na cidade subterrânea
_lpor
245 1 0 _aAventura na cidade subterrânea
300 _a106
362 0 _a1991
650 4 _aLiteratura juvenil
942 _cBK
999 _c56610
_d56610